| 000 | 02297nam a2200277 a 4500 | ||
|---|---|---|---|
| 001 | 000021494 | ||
| 003 | OSt | ||
| 005 | 20210126094139.0 | ||
| 008 | 100908s2010 dr a r 000 0 spa d | ||
| 040 |
_aDO-SdBNP _bspa _cBNPHU |
||
| 082 | 4 |
_a352.48 _bR426p 2010 _222 |
|
| 110 | 1 |
_aRepública Dominicana. _bMinisterio de Hacienda. _932266 |
|
| 245 | 1 | 0 | _aPresupuestos de ingresos y ley de gastos públicos, 2010 |
| 246 | 1 | 3 | _aInforme explicativo 20210 |
| 260 |
_aSanto Domingo : _bMinisterio de Hacienda, _c2010 |
||
| 300 |
_a2v. : _bil. ; _c28 cm. |
||
| 500 | _a | ||
| 505 |
_gv.1. _aPresupuesto del Gobierno Central _tInforme explicativo - _tPrimera parte : Presupuesto de ingresos y ley de gastos públicos -- _tSegunda parte : Información de los ingresos _tGráficos de los ingresos -- _tInformación de los gastos -- _tGráficos sobre los gastos _tRecursos externos y contrapartidas por Ministerio de Estado -- _tTransferencias a instituciones por fuentes de financiamientos -- _tProyectos por programas, fuentes y organismo financiador, según capitulos -- _tPolítica fiscal y el proyecto de presupuesto 2010-2012 -- _tEstimación de los gastos tributarios -- _tMatriz de gastos tributarios-- _tTercera parte : Distribución institucional de los gastos apropiados : Poder Legislativo _tPoder Ejecutivo -- _tPoder Judicial -- _tOrganismo especiales -- _tProgramas virtuales _tCuarta parte : Transferencias corrientes a asociaciones sin fines de lucro (ASFL). |
||
| 505 |
_gv.2. : Presupuesto de ingresos y gastos de las instituciones descentralizadas y autónomas no financieras -- _tInformaciones sobre los ingresos año 2010 -- _tInformaciones sobre los gastos año 2010 -- _tDistribución institucional de los gastos apropiados -- _tSegunda parte : Presupuesto de ingresos y gastos de las instituciones públicas de la Seguridad Social _tInformaciones sobre los ingresos año 2010 -- _tInformaciones sobre los gastos año 2010 -- _tDistribución institucional de los gastos apropiados. |
||
| 590 | _aInventariado, 2021/VM | ||
| 650 | 4 |
_aPresupuesto _xLegislación _zRepública Dominicana _97940 |
|
| 650 | 4 |
_aHacienda pública _zRepública Dominicana _96562 |
|
| 651 | 4 |
_aGastos públicos _zRepública Dominicana _944806 |
|
| 910 | _aVMateo/Validado. Control de calidad MFF | ||
| 942 |
_2ddc _cLBS1 |
||
| 999 |
_c49312 _d49312 |
||